1825 1850 1041 1430 1463 1663 1954 1606 1648 1645 1165 1785 1952 1748 1038 1148 1825 1088 1656 1494 1249 1321 1516 1434 1698 1228 1772 1348 1857 1008 1157 1758 1155 1849 1365 1930 1498 1816 1178 1179 1329 1741 1420 1825 1184 1170 1991 1324 1774 1957 1514 1752 1137 1027 1818 1192 1613 1247 1021 1309 1905 1547 1407 1040 1043 1320 1884 1571 1640 1336 1805 1603 1461 1451 1922 1687 1239 1722 1105 1828 1759 1708 1219 1663 1878 1316 1526 1100 1769 1469 1312 1517 1390 1198 1000 1646 1174 1402 1633 BCNSPRNW ULIB Ver.6.0+V

เปลี่ยนเป็นภาษาไทย

Change to English
 แสดงรายละเอียดบรรณานุกรม
  กลับหน้าหลัก

Brief Record : Get Marc (ISO 2709) : E-mail record : QR code < ปิดหน้าต่าง
LEADER : 00000nam 2200000uu 4500
001    13399126079
003     ULIB
008    180525s2556||||th 000 0 tha d
020    ^a9786169136729
040    ^absi
060 04 ^aWB537^bร399
245 00 ^aร่างกายมนุษย์ =^bHuman body /^cกองบรรณาธิการ, ประพจน์ เภตรากาศ... [และคนอื่นๆ]
246 31 ^aHuman body
250    ^aพิมพ์ครั้งที่ 1
260    ^aกรุงเทพฯ :^bมูลนิธิสาธารณสุขกับการพัฒนา,^c2556
300    ^a(12), 139 หน้า :^bภาพประกอบ ;^c26 ซม.
500    ^aร่างกายมนุษย์ เป็นตำราพื้นฐานในการฝึกอบรมหลักสูตรวิชาชีพการนวดไทยตามกฎหมายว่าด้วยวิชาชีพการแพทยืแผนไทย
650  4 ^aกายวิภาคศาสตร์มนุษย์
650  4 ^aการนวด
700 0  ^aประพจน์ เภตรากาศ,^eบรรณาธิการ
710 2  ^aมูลนิธิสาธารณสุขกับการพัฒนา
710 2  ^aมูลนิธิพัฒนาการแพทย์แผนไทย
710 2  ^aมูลนิธิเพื่อเด็กพิการ
945    ^p200^l0^i004078
945    ^p200^l0^i004074
945    ^p200^l0^i004077
945    ^p200^l0^i004076
945    ^p200^l0^i004075
999    ^aวิลาวรรณ์ สายภักดี
รายการนี้ยังไม่มีแท็ก
คุณยังไม่ได้ล็อกอิน คุณสามารถมีกิจกรรมร่วมกับเว็บไซต์ได้ แต่ต้องล็อกอินก่อน ::
  ล็อกอิน

รายการสื่อสารสนเทศ

ลำดับที่ ประเภท เลขเรียก/บาร์โค้ด สถานที่ สถานะ
1. หนังสือสำรอง
หนังสือสำรอง
WB537 ร399 ฉ.1 
  Barcode: 004074
ห้องสมุดวิทยาเขตสวรรค์ประชารักษ์
►ส่วนจัดเก็บหนังสือเก่า สปร
บนชั้น
  ขอยืม
2. วิทยาศาสตร์การแพทย์ และสุขภาพ
วิทยาศาสตร์การแพทย์ และสุขภาพ
WB537 ร399 ฉ.2 
  Barcode: 004075
ห้องสมุดวิทยาเขตสวรรค์ประชารักษ์
►ส่วนจัดเก็บหนังสือเก่า สปร
บนชั้น
  ขอยืม
3. วิทยาศาสตร์การแพทย์ และสุขภาพ
วิทยาศาสตร์การแพทย์ และสุขภาพ
WB537 ร399 ฉ.3 
  Barcode: 004076
ห้องสมุดวิทยาเขตสวรรค์ประชารักษ์
►ส่วนจัดเก็บหนังสือเก่า สปร
บนชั้น
  ขอยืม
4. วิทยาศาสตร์การแพทย์ และสุขภาพ
วิทยาศาสตร์การแพทย์ และสุขภาพ
WB537 ร399 ฉ.4 
  Barcode: 004077
ห้องสมุดวิทยาเขตสวรรค์ประชารักษ์
►ส่วนจัดเก็บหนังสือเก่า สปร
บนชั้น
  ขอยืม
5. วิทยาศาสตร์การแพทย์ และสุขภาพ
วิทยาศาสตร์การแพทย์ และสุขภาพ
WB537 ร399 ฉ.5 
  Barcode: 004078
ห้องสมุดวิทยาเขตสวรรค์ประชารักษ์
►ส่วนจัดเก็บหนังสือเก่า สปร
บนชั้น
  ขอยืม

รายการใกล้เคียง
    หัวเรื่อง [กายวิภาคศาสตร์มนุษย์]
    หัวเรื่อง [การนวด]

BibComment


ยังไม่เคยถูกคอมเมนท์

คอมเมนท์ทรัพยากรรายการนี้
  คอมเมนท์: ร่างกายมนุษย์ H..


 Copyright 2026. Bcnsprnw @Library